banner-ar

الفية الحديث : (Record no. 66243)

MARC details
000 -الفاتح
حقل البيانات ثابتة الطول 00913nam a22002177a 4500
005 - وقت وتاريخ اخر تعامل مع التسجيلة
رقم الضبط 20240530110907.0
008 - عناصر البيانات ثابتة الطول - معلومات عامة
حقل البيانات ثابتة الطول 220214s0000 ua g 000 0 ara d
017 ## - رقم الايداع القانونى
المصدر ( الهيئة المختصة) مصر. دار الكتب
040 ## - مصدر الفهرسة
وكالة الفهرسة الأصلية EG-CaGPL
وكالة النسخ EG-CaGPL
082 04 - رقم تصنيف ديوى العشرى
رقم الطبعة 21
رقم التصنيف 232.2 /
رقم المادة ا ا
100 0# - المدخل الرئيسى - إسم شخصى
الإسم الشخصى الحافظ العراقى : ابى الفضل زين الدين عبدالرحيم بن الحسين
245 12 - بيان العنوان
العنوان الفية الحديث :
بقية العنوان ويليها شرحها فتح المغيث بشرح الفية الحديث /
بيان المسئوليه,etc الحافظ العراقى : ابى الفضل زين الدين عبدالرحيم بن الحسين
250 ## - بيان الطبعة
بيان الطبعة ط. 1
260 ## - PUBLICATION, DISTRIBUTION, ETC. (IMPRINT)
تاريخ النشر أو التوزيع 1992
300 ## - الوصف المادى
التعداد 492 ص. ؛
أبعاد الوعاء 24 سم
600 ## - المدخل الاضافى بالموضوع-اسم شخصى
الإسم الشخصى احمد محمد شاكر
مصدر الرأس أو المصطلح محقق
650 07 - المدخل الاضافى بالموضوع-مصطلح موضوعى
مصدر الرأس أو المصطلح qrmak
مصطلح موضوعي علم الحديث
651 ## - المدخل الاضافى بالموضوع - اسم جغرافى
مصدر الرأس أو المصطلح qrmak
942 ## - عناصر المدخل الإضافي( كوها)
مصدر التصنيف او مخطط الترفيف Dewey Decimal Classification
Koha [default] item type كتاب
260 ## - PUBLICATION, DISTRIBUTION, ETC. (IMPRINT)
-- القاهرة :
-- دار الجيل،
Holdings
حالة التراجع حالة الفقد حالة تلف ليس للاعارة المكان المؤقت الموقع الحالى موقع الترفيف تاريخ الاكتساب اجمالي اﻻعارات رقم الطلب الباركود تاريخ اخر مشاهدة تاريخ تفعيل السعر نوع وعاء كوها
        مكتبة القاهرة الكبرى مكتبة القاهرة الكبرى ق الرئيسية_الديانات_ك عربى 03/02/2022   232.2 / ا ا 167521 03/02/2022 03/02/2022 كتاب
        مكتبة القاهرة الكبرى مكتبة القاهرة الكبرى   03/02/2022   232.2 / ا ا 167522 03/02/2022 03/02/2022 كتاب

Powered By

EGPV